00595nam a2200145Ia 4500008004100000082002100041100001600062245004000078260003800118300000800156650012300164942000900287952013400296999001900430211119s9999||||xx |||||||||||||| ||und|| a894.812 1bGIR-P aGirija, V M 0aPennungal Kanaatha Pathira Nerangal bMathrubhumi BooksaKottayamc2011 a72p aLiterature & rhetoricv Literatures of other languagesAltaic, Uralic, Hyperborean & Dravidian MalayalamxGeneral Stack cBOOK 00102ddc4070aSBCLbSBCLc2d2021-11-19g45.00l1o894.8121 GIR-Pp00133334r2026-01-30 13:59:40s2026-01-29w2021-11-19yBOOK c119846d119846